000 00885nmm a2200265 a 4500
001 ocm000660881
003 TR-IsHL
005 20201028142251.0
008 140104s2000 tu tur
007 cr cn
020 _a9789754981421
035 _a660881
_b(N$T)
050 0 4 _aGR280
_b.B39 2000
090 0 4 _aGR280
_b.B39 2000
100 1 _aBayat, Ali Haydar
245 1 0 _aTürk kültüründe Lokman Hekim
_h[electronic resource] /
_cAli Haydar Bayat
260 _aİstanbul :
_bTürk Dünyası Araştırmaları Vakfı Yayınları,
_c2000
300 _a134 p.
650 4 _aDil ve Edebiyat
650 4 _aLanguage and Literature
650 0 _aHalk edebiyatı, Türk
650 0 _aFolk literature, Turkish
650 7 _aBIOGRAPHY & AUTOBIOGRAPHY / Medical
_2bisacsh
856 4 0 _uhttp://search.ebscohost.com/login.aspx?direct=true&scope=site&db=e011xww&AN=660881
999 _c8260
_d8260